Trhy novej EÚ

Stručná charakteristika vývoja reklamného a mediálneho trhu postsocialistických krajín V4. Výdavky na reklamu v médiách, národné a medzinárodné reklamné súťaže, združenia v oblasti reklamy a médií, médiá o marketingu a reklame vydávané v krajinách V4.

Gespeichert in:
Bibliographische Detailangaben
Format: Buchkapitel
Sprache:Slowakisch
Schlagworte:
Tags: Tag hinzufügen
Keine Tags, Fügen Sie das erste Tag hinzu!

MARC

LEADER 00000naa$a2200000$$$4500
001 0012441
005 20231004064657.0
041 0 |a slo 
044 |a SK 
245 1 0 |a Trhy novej EÚ 
520 |a Stručná charakteristika vývoja reklamného a mediálneho trhu postsocialistických krajín V4. Výdavky na reklamu v médiách, národné a medzinárodné reklamné súťaže, združenia v oblasti reklamy a médií, médiá o marketingu a reklame vydávané v krajinách V4. 
610 2 0 |a trh reklamný 
610 2 0 |a médiá 
610 2 0 |a reklama 
610 2 0 |a výdavky 
610 2 0 |a súťaže 
610 2 0 |a združenia 
610 2 0 |a Vyšehradská štvorka 
610 2 0 |a 2003